Statistics for European number plate codes

Click here to take the quiz!

General Stats

  • This quiz has been taken 37 times
  • The average score is 34 of 46

Answer Stats

CountryCode% Correct
AlbaniaAl
100%
AustriaA
97%
GermanyD
97%
FranceF
97%
HungaryH
97%
ItalyI
97%
BelgiumB
94%
DenmarkDK
94%
GreeceGR
94%
LuxembourgL
94%
MaltaM
94%
PortugalP
94%
Czech RepublicCZ
90%
United KingdomGB
90%
NorwayN
90%
RomaniaRO
90%
SwedenS
90%
SpainE
87%
LatviaLV
87%
PolandPL
87%
SlovakiaSK
87%
BulgariaBG
84%
Vatican CityV
84%
LithuaniaLT
81%
FinlandFIN
77%
IrelandIRE
77%
MoldovaMD
77%
NetherlandsNL
77%
AndorraAND
74%
MonacoMC
74%
SloveniaSLO
74%
EstoniaEST
71%
RussiaRUS
71%
SwitzerlandCH
68%
CroatiaHR
65%
IcelandIS
61%
TurkeyTR
55%
Bosnia and HerzegovinaBIH
48%
UkraineUA
45%
BelarusBY
35%
MacedoniaMK
35%
LiechtensteinFL
29%
MontenegroMNE
26%
KosovoRKS
26%
San MarinoRSM
19%
SerbiaSBR
6%

Score Distribution

Percentile by Number Answered

Percent of People with Each Score

Your Score History

You have not taken this quiz